00579nam a22001577a 4500020001500000082001200015100005000027245007800077260004800155300002700203490001500230650006000245942000800305999001500313952009300328 a9555900418 a615.321 aArambewela, LakshmiaAlagiyawanna, Sachintha  aSri lanken Medicinal plant Monograph & Analysis Vol-7 : Alpinia Calcarata aColombo bNational science foundationc2006 a38pbHard Binded Cover aVolume - 7 aChemistryaMedical plantsaBotany, Traditional Medicine cREF c2029d2029 0010708NFICaICbICcGENd2015-09-07l0o615.321 ARAp005041r2015-09-07 00:00:00yREF